[Event "Liga Vasca 2010 - Primera Division"]
[Site "Euskadi ESP"]
[Date "2010.03.13"]
[Round "9.53"]
[White "Mombiela Martinez, Gonzalo"]
[Black "Arana Garate, Jon"]
[Result "0-1"]
[WhiteElo "2142"]
[BlackElo "1944"]
[PlyCount "92"]
[EventDate "2010.01.09"]
[EventType "team"]
[EventRounds "9"]
[EventCountry "ESP"]
[Source "lmi"]
[SourceDate "2010.01.09"]

1. d4 Nf6 2. Nc3 d5 3. Bg5 Bf5 4. f3 Nbd7 5. e3 c6 6. Bd3 Bxd3 7. Qxd3 Qa5 8.
Nge2 e6 9. O-O Be7 10. Bf4 O-O 11. a3 Nh5 12. Nd1 Nxf4 13. Nxf4 c5 14. c3 cxd4
15. exd4 Qc7 16. g3 Bd6 17. Ne2 Rae8 18. f4 Nf6 19. Nf2 b5 20. Kg2 a5 21. Rfc1
Rb8 22. Rc2 Rfc8 23. Rcc1 Qb7 24. Kg1 Rc6 25. Ra2 Rbc8 26. Rca1 R6c7 27. Re1
Qc6 28. Rc1 Qc4 29. Raa1 Nd7 30. Qd1 Nb6 31. b3 Qc6 32. Qd3 a4 33. b4 Nc4 34.
Re1 Qd7 35. Kg2 Qd8 36. Nd1 Qf6 37. Ne3 Qg6 38. Nc1 Qxd3 39. Nxd3 Nxe3+ 40.
Rxe3 Rxc3 41. Kf3 R3c4 42. Nc5 Rxd4 43. Nb7 Bf8 44. Na5 Rd2 45. h4 h5 46. g4 d4
0-1

[Event "Liga Vasca 2010 - Guipuzkoa Preferente"]
[Site "Euskadi ESP"]
[Date "2010.01.16"]
[Round "2"]
[White "Galarza Cenzano, Iñigo"]
[Black "Peteiro Osta, Luis Angel"]
[Result "1-0"]
[WhiteElo "2048"]
[BlackElo "1923"]
[PlyCount "115"]
[EventDate "2010.01.09"]
[EventType "team"]
[EventRounds "9"]
[EventCountry "ESP"]
[Source "lmi"]
[SourceDate "2010.01.09"]

1. e4 e5 2. Nf3 Nc6 3. d4 exd4 4. Bc4 Nf6 5. e5 d5 6. Bb5 Ne4 7. Nxd4 Bc5 8.
Be3 O-O 9. Nxc6 bxc6 10. Bxc5 Nxc5 11. Bxc6 Rb8 12. Qxd5 Qe7 13. O-O Rd8 14.
Qf3 Qxe5 15. Nc3 Ne6 16. Rfe1 Qf6 17. Qxf6 gxf6 18. b3 Nd4 19. Be4 f5 20. Bd3
Be6 21. Ne2 Rd6 22. Nxd4 Rxd4 23. Re5 Rb6 24. Rc5 c6 25. Bxf5 Rd5 26. Rxd5 cxd5
27. Bxe6 fxe6 28. f4 Kf7 29. c3 a5 30. Rd1 Kf6 31. Kf2 h5 32. g3 Rc6 33. Rd3
Rb6 34. Rd4 Kf5 35. Kf3 Rc6 36. c4 dxc4 37. Rxc4 Rd6 38. Rc5+ Kg6 39. Rxa5 Rd2
40. h3 h4 41. gxh4 Rd3+ 42. Kg4 Rd1 43. h5+ Kh6 44. Re5 Rd6 45. b4 Ra6 46. b5
Rxa2 47. Rxe6+ Kh7 48. b6 Rb2 49. Kg5 Rg2+ 50. Kf5 Rb2 51. Re7+ Kh6 52. b7 Rb5+
53. Kf6 Rb6+ 54. Kf7 Kxh5 55. Ke8 Kg6 56. Kd8 Kf6 57. Rd7 Ke6 58. Rh7 1-0

[Event "Liga Vasca 2010 - Guipuzkoa Preferente"]
[Site "Euskadi ESP"]
[Date "2010.01.16"]
[Round "2"]
[White "Galarraga Lasa, Jon Gurutz"]
[Black "Torres, Patrice"]
[Result "0-1"]
[WhiteElo "1829"]
[BlackElo "2011"]
[PlyCount "38"]
[EventDate "2010.01.09"]
[EventType "team"]
[EventRounds "9"]
[EventCountry "ESP"]
[Source "lmi"]
[SourceDate "2010.01.09"]

1. e4 e6 2. d4 d5 3. Nd2 Nf6 4. e5 Nfd7 5. Bd3 c5 6. c3 Nc6 7. Ndf3 cxd4 8.
cxd4 f6 9. exf6 Nxf6 10. Ne2 Bd6 11. O-O O-O 12. Bf4 Bxf4 13. Nxf4 Ne4 14. Ne2
Rxf3 15. gxf3 Ng5 16. Kg2 e5 17. Ng1 Nxd4 18. f4 Nge6 19. fxe5 Nf4+ 0-1

[Event "Liga Vasca 2010 - Guipuzkoa Preferente"]
[Site "Euskadi ESP"]
[Date "2010.01.16"]
[Round "2"]
[White "Izagirre Alsua, Aritz"]
[Black "Velten, Paul"]
[Result "0-1"]
[WhiteElo "1820"]
[BlackElo "2194"]
[PlyCount "86"]
[EventDate "2010.01.09"]
[EventType "team"]
[EventRounds "9"]
[EventCountry "ESP"]
[Source "lmi"]
[SourceDate "2010.01.09"]

1. e4 e6 2. d3 d5 3. Nd2 Nf6 4. Ngf3 c5 5. g3 Nc6 6. Bg2 Be7 7. O-O O-O 8. Re1
b5 9. e5 Nd7 10. Nf1 a5 11. h4 Ba6 12. Bf4 a4 13. a3 Nb6 14. Ng5 Qe8 15. Nh2
Rc8 16. Qh5 Bxg5 17. hxg5 f5 18. Qxe8 Rfxe8 19. Nf3 Rc7 20. Nd2 Rec8 21. b3
axb3 22. Nxb3 Nd4 23. Rac1 Nxb3 24. cxb3 c4 25. bxc4 bxc4 26. dxc4 Bxc4 27. Bd2
Na4 28. Ba5 Rc6 29. Bb4 Nb2 30. Bf1 Bxf1 31. Rxc6 Rxc6 32. Rxf1 Rc2 33. a4 Nd3
34. Bd6 Ra2 35. Rb1 Nxf2 36. a5 Ne4 37. Rb8+ Kf7 38. Bc7 Kg6 39. Rb6 Kxg5 40.
Rxe6 Kg4 41. Re7 Kf3 42. Rxg7 Nf2 43. Kh2 Ng4+ 0-1

[Event "Liga Vasca 2010 - Guipuzkoa Preferente"]
[Site "Euskadi ESP"]
[Date "2010.01.16"]
[Round "2"]
[White "Martin Alvarez, Iñigo"]
[Black "Urretavizcaya Merino, Asier"]
[Result "1-0"]
[WhiteElo "2284"]
[BlackElo "2073"]
[PlyCount "65"]
[EventDate "2010.01.09"]
[EventType "team"]
[EventRounds "9"]
[EventCountry "ESP"]
[Source "lmi"]
[SourceDate "2010.01.09"]

1. e4 c5 2. Nf3 d6 3. d4 cxd4 4. Nxd4 Nf6 5. Nc3 a6 6. Be3 e5 7. Nf3 Be7 8. Bc4
O-O 9. O-O Be6 10. Bb3 Nc6 11. Qe2 b5 12. Rfd1 Qc7 13. Bg5 Na5 14. Bxf6 Bxf6
15. Ne1 Rac8 16. Nd3 Nc6 17. Qd2 b4 18. Nd5 Bxd5 19. Bxd5 a5 20. a3 Rb8 21.
axb4 Nxb4 22. Nxb4 axb4 23. Ra6 Rb6 24. Rda1 Rxa6 25. Rxa6 Be7 26. Qxb4 Qxc2
27. g3 g5 28. h3 h5 29. Qb7 Qd1+ 30. Kg2 Qe2 31. Ra3 Bf6 32. Ra8 Rxa8 33. Qxf7+
1-0